Statystyki dla Drużyny Ekstraklasy w Piłce Nożnej - Sezon 2018/19

Kliknij tutaj aby rozwiązać quiz!

Ogólne statystyki

  • Ten quiz został rozwiązany 490 razy
    (334 od ostatniego zresetowania)
  • Średni wynik to 13 z 16

Statystyki odpowiedzi

Sezon 2017 / 2018Drużyna% Poprawnych
1Legia Warszawa
100%
3Lech Poznań
99%
6Wisła Kraków
92%
13Lechia Gdańsk
88%
9Cracovia
86%
11Pogoń Szczecin
86%
2Jagiellonia Białystok
85%
10Śląsk Wrocław
83%
12Arka Gdynia
81%
14Piast Gliwice
79%
4Górnik Zabrze
78%
7Zagłębie Lubin
75%
5Wisła Płock
73%
8Korona Kielce
70%
1 (I Liga)Miedź Legnica
60%
2 (I Liga)Zagłębie Sosnowiec
59%

Rozkład punktacji

Percentyl według liczby udzielonych odpowiedzi

Procent ludzi z każdym wynikiem

Twoja historia wyników

Nie rozwiązałeś tego quizu od ostatniego zresetowania